| 000 | 00516nam a2200181 4500 | ||
|---|---|---|---|
| 001 | 145365 | ||
| 003 | ES-MaACL | ||
| 005 | 20230906201221.0 | ||
| 007 | t| | ||
| 008 | 070214s1956 sp r ||||1| spa d | ||
| 100 | 1 |
_aSpears, Edward L. _9107660 |
|
| 245 | 1 | 0 |
_aMemorias / _cEdward L. Spears ; traducción de Victor Scholz. |
| 250 | _a1ª. ed. | ||
| 260 |
_aBarcelona : _bA H R, _c1956. |
||
| 300 |
_a2 tomos, 15 lám. ; _c21 cm. |
||
| 700 | 1 |
_aScholz, Víctor. _9104643 |
|
| 852 |
_aES-MaACL _jC-10932-3 _bR.39037 |
||
| 999 |
_c145365 _d145365 |
||